banner

El psicoanalista y la verdad: (Registro nro. 1800)

000 -LEADER
fixed length control field 01208nam a2200229 a 4500
003 - CONTROL NUMBER IDENTIFIER
control field AR-BaISA
005 - DATE AND TIME OF LATEST TRANSACTION
control field 20250430135153.0
007 - PHYSICAL DESCRIPTION FIXED FIELD--GENERAL INFORMATION
fixed length control field ta
008 - FIXED-LENGTH DATA ELEMENTS--GENERAL INFORMATION
fixed length control field 250430s1998 ag ||||f |||| 000 0 spa d
020 ## - INTERNATIONAL STANDARD BOOK NUMBER
International Standard Book Number 9879579674
040 ## - CATALOGING SOURCE
Language of cataloging spa
Transcribing agency AR-BaISA
082 04 - DEWEY DECIMAL CLASSIFICATION NUMBER
Edition number 22
Classification number 150.195 2 L965
100 ## - MAIN ENTRY--PERSONAL NAME
9 (RLIN) 3709
Personal name Lutenberg, Jaime
Relator term aut.
245 13 - TITLE STATEMENT
Title El psicoanalista y la verdad:
Remainder of title uso clínico del sentido de verdad en la práctica del psicoanálisis y de las psicoterapias en general /
Statement of responsibility, etc. Jaime Lutenberg
260 ## - PUBLICATION, DISTRIBUTION, ETC.
Place of publication, distribution, etc. Buenos Aires:
Name of publisher, distributor, etc. Ediciones Publikar,
Date of publication, distribution, etc. 1998
300 ## - PHYSICAL DESCRIPTION
Extent 431 p.
504 ## - BIBLIOGRAPHY, ETC. NOTE
Bibliography, etc. note Bibliografía p.: 421-431
505 ## - FORMATTED CONTENTS NOTE
Title Perspectiva filosófica de la verdad --
-- El problema de la verdad histórica --
-- Perspectivas de al verdad psicoanalítica. La verdad perceptual --
-- La verdad psicodinámica --
-- La verdad transferencial --
-- La teoría de Bion y el problema de la verdad --
-- El vínculo del psicoanalista con el saber y la verdad --
-- La verdad y la tolerancia científica --
-- Las doce premisas que tipifican la nueva ética profesional propuesta por Popper --
-- Conclusiones finales
650 14 - SUBJECT ADDED ENTRY--TOPICAL TERM
9 (RLIN) 141
Topical term or geographic name entry element Psicoanálisis
650 14 - SUBJECT ADDED ENTRY--TOPICAL TERM
9 (RLIN) 3710
Topical term or geographic name entry element Esclarecimiento de la verdad
942 ## - ADDED ENTRY ELEMENTS (KOHA)
Source of classification or shelving scheme
Koha item type Libros
Edition 22
Existencias
Withdrawn status Lost status Source of classification or shelving scheme Damaged status Not for loan Permanent Location Current Location Date acquired Inventory number Total Checkouts Full call number Barcode Date last seen Date last checked out Price effective from Koha item type
          Biblioteca ISALUD. Dr. Néstor Rodríguez Campoamor Biblioteca ISALUD. Dr. Néstor Rodríguez Campoamor 2025-04-30 5414 1 150.195 2 L965 5414 2026-03-19 2025-12-10 2025-04-30 Libros